|
|
|
|
| LEADER |
02970nam a2200517 4500 |
| 001 |
978-3-319-95195-9 |
| 003 |
DE-He213 |
| 005 |
20191220130317.0 |
| 007 |
cr nn 008mamaa |
| 008 |
190323s2019 gw | s |||| 0|eng d |
| 020 |
|
|
|a 9783319951959
|9 978-3-319-95195-9
|
| 024 |
7 |
|
|a 10.1007/978-3-319-95195-9
|2 doi
|
| 040 |
|
|
|d GrThAP
|
| 050 |
|
4 |
|a Q334-342
|
| 072 |
|
7 |
|a UYQ
|2 bicssc
|
| 072 |
|
7 |
|a COM004000
|2 bisacsh
|
| 072 |
|
7 |
|a UYQ
|2 thema
|
| 082 |
0 |
4 |
|a 006.3
|2 23
|
| 100 |
1 |
|
|a Evertsz, Rick.
|e author.
|4 aut
|4 http://id.loc.gov/vocabulary/relators/aut
|
| 245 |
1 |
0 |
|a Practical Modelling of Dynamic Decision Making
|h [electronic resource] /
|c by Rick Evertsz, John Thangarajah, Thanh Ly.
|
| 250 |
|
|
|a 1st ed. 2019.
|
| 264 |
|
1 |
|a Cham :
|b Springer International Publishing :
|b Imprint: Springer,
|c 2019.
|
| 300 |
|
|
|a XI, 104 p. 56 illus.
|b online resource.
|
| 336 |
|
|
|a text
|b txt
|2 rdacontent
|
| 337 |
|
|
|a computer
|b c
|2 rdamedia
|
| 338 |
|
|
|a online resource
|b cr
|2 rdacarrier
|
| 347 |
|
|
|a text file
|b PDF
|2 rda
|
| 490 |
1 |
|
|a SpringerBriefs in Intelligent Systems, Artificial Intelligence, Multiagent Systems, and Cognitive Robotics,
|x 2196-548X
|
| 505 |
0 |
|
|a Why Model Dynamic Decision Making? -- Introduction to TDF -- Requirements Stage -- Architecture Stage -- Behaviour Stage -- TDF Tutorial Example -- TDF Tool -- Concluding Remarks -- References.
|
| 520 |
|
|
|a This book presents TDF (Tactics Development Framework), a practical methodology for eliciting and engineering models of expert decision-making in dynamic domains. The authors apply the BDI (Beliefs, Desires, Intentions) paradigm to the elicitation and modelling of dynamic decision making expertise, including team behaviour, and map it to a diagrammatic representation that is intuitive to domain experts. The book will be of value to researchers and practitioners engaged in dynamic decision making.
|
| 650 |
|
0 |
|a Artificial intelligence.
|
| 650 |
|
0 |
|a Computational intelligence.
|
| 650 |
|
0 |
|a Politics and war.
|
| 650 |
1 |
4 |
|a Artificial Intelligence.
|0 http://scigraph.springernature.com/things/product-market-codes/I21000
|
| 650 |
2 |
4 |
|a Computational Intelligence.
|0 http://scigraph.springernature.com/things/product-market-codes/T11014
|
| 650 |
2 |
4 |
|a Military and Defence Studies.
|0 http://scigraph.springernature.com/things/product-market-codes/912080
|
| 700 |
1 |
|
|a Thangarajah, John.
|e author.
|4 aut
|4 http://id.loc.gov/vocabulary/relators/aut
|
| 700 |
1 |
|
|a Ly, Thanh.
|e author.
|4 aut
|4 http://id.loc.gov/vocabulary/relators/aut
|
| 710 |
2 |
|
|a SpringerLink (Online service)
|
| 773 |
0 |
|
|t Springer eBooks
|
| 776 |
0 |
8 |
|i Printed edition:
|z 9783319951942
|
| 776 |
0 |
8 |
|i Printed edition:
|z 9783319951966
|
| 830 |
|
0 |
|a SpringerBriefs in Intelligent Systems, Artificial Intelligence, Multiagent Systems, and Cognitive Robotics,
|x 2196-548X
|
| 856 |
4 |
0 |
|u https://doi.org/10.1007/978-3-319-95195-9
|z Full Text via HEAL-Link
|
| 912 |
|
|
|a ZDB-2-SCS
|
| 950 |
|
|
|a Computer Science (Springer-11645)
|